000 00721nam a2200229 a 4500
003 PILC
005 20160222095543.0
008 080115s19uu xx 00 eng d
020 _a0307237699
050 _aE 901.1.O23
_b.Au3 2006
245 _aThe audacity of hope :
_bthoughts on reclaiming the American dream /
260 _aNew York :
_bCrown Publishers,
_c2006.
300 _a375 pages ;
_c24 cm.
500 _aIncludes index.
650 _aObama, Barack.
650 _aLegislators
_xUnited States
_xBiography.
650 _aAfrican American legislators
_xBiography.
650 _aUnited States.Congress. Senate
_xBiography.
650 _aObama, Barack
_xPhilosophy.
942 _cBK
_2lcc
_kFOR
999 _c22815
_d22815